|
|
|
|
| LEADER |
01212nam a22003372a 4500 |
| 001 |
001211418 |
| 003 |
CZ BrMZK |
| 005 |
20130218140213.0 |
| 007 |
ta |
| 008 |
120510s1992 xr a er|||||||||||cze d |
| 015 |
|
|
|a cnb000071620
|
| 020 |
|
|
|a 80-204-0273-X
|q (brož.)
|
| 035 |
|
|
|a (OCoLC)31080506
|
| 040 |
|
|
|a ABA001
|b cze
|
| 080 |
9 |
|
|a 885.0-32
|
| 080 |
9 |
|
|a 82-31/-32
|
| 100 |
1 |
|
|a Škvorecký, Josef,
|d 1924-2012
|7 jk01130413
|4 aut
|
| 245 |
1 |
0 |
|a Konec poručíka Borůvky :
|b detektivní žalozpěv /
|c Josef Škvorecký ; ilustr. Tomáš Bím
|
| 250 |
|
|
|a 2. vyd., 1. vyd. v ČSFR
|
| 260 |
|
|
|a Praha :
|b Mladá fronta,
|c 1992
|
| 300 |
|
|
|a 190 s. :
|b il. ;
|c 20 cm
|
| 490 |
1 |
|
|a Smaragd ;
|v sv. 126
|
| 655 |
|
7 |
|a detektivní povídky
|7 fd132008
|2 czenas
|
| 700 |
1 |
|
|a Kučera, Václav,
|d 1944-
|7 jk01070591
|4 art
|
| 700 |
1 |
|
|a Bím, Tomáš,
|d 1946-
|7 jn99240000118
|4 ill
|
| 830 |
|
0 |
|a Smaragd (Mladá fronta)
|0 s
|
| 856 |
4 |
1 |
|u http://www.digitalniknihovna.cz/mzk/uuid/uuid:4fd53b30-db05-11e2-9923-005056827e52
|y Digitalizovaný dokument
|x NDK
|
| 910 |
|
|
|a BOA001
|b D-0982.413
|
| 990 |
|
|
|a BK
|
| 991 |
|
|
|b 201205
|
| 996 |
6 |
|
|b 2619535568
|c D-0982.413
|l MZK
|r Sklad / do 24 hodin
|n 5
|w 001245220
|u 000010
|a 1
|e BOA001
|j MZK50
|s P
|